Foreign-Born Population: Turkey Quiz Stats

 Plays Quiz Updated Feb 13, 2019

Support Sporcle.
Go Orange.
Score 0/20 Timer 05:00
0 Plays Today
Foreign-Born Population Country % Correct
32,140United Kingdom
89.9%
26,928Greece
89%
34,486Russia
88.1%
76,413Syria
87.9%
24,026United States
86.6%
36,226Iran
84.3%
97,528Iraq
83.8%
263,318Germany
82.4%
28,507France
75.6%
25,019Georgia
65.6%
Foreign-Born Population Country % Correct
378,658Bulgaria
62%
20,547Ukraine
61.7%
24,937Turkmenistan
53.4%
21,546Kazakhstan
51.9%
38,692Afghanistan
49.6%
52,836Azerbaijan
48.8%
43,400North Macedonia
42.2%
32,345Netherlands
35.4%
26,531Belgium
32.9%
36,083Uzbekistan
30.8%

From the Vault

Cartoon Character by Favorite Food

by ddd62291

Don't tell them, but the food's fake.
Remove Ads.
Support Sporcle.
Get the best of Sporcle when you Go Orange. This ad-free experience offers more features, more stats, and more fun while also helping to support Sporcle. Thank you for becoming a member.

Show Comments

Extras

Top Quizzes Today


Score Distribution

Your Account Isn't Verified!

In order to create a playlist on Sporcle, you need to verify the email address you used during registration. Go to your Sporcle Settings to finish the process.

Report this User

Report this user for behavior that violates our Community Guidelines.

Details: